Score 0/20 Timer 06:00
2 Plays Today
% Correct
Romeo and Juliet
88.6%
Macbeth
79.9%
Antony and Cleopatra
64.1%
A Midsummer Night's Dream
54%
Othello
53.7%
Hamlet
53.4%
Titus Andronicus
35.8%
The Taming of the Shrew
35.5%
Much Ado About Nothing
32.4%
The Winter's Tale
31.4%
% Correct
The Comedy of Errors
29.5%
The Merchant of Venice
21.4%
All's Well That Ends Well
18.5%
Measure for Measure
18%
The Tempest
17.7%
Timon of Athens
16.9%
The Two Noble Kinsmen
16.8%
Love's Labour's Lost
16.3%
Pericles
16.2%
As You Like It
14.4%
Remove Ads.
Support Sporcle.
Get the best of Sporcle when you Go Orange. This ad-free experience offers more features, more stats, and more fun while also helping to support Sporcle. Thank you for becoming a member.

You're not logged in!

Compare scores with friends on all Sporcle quizzes.
OR
Log In

Show Comments

Extras

Top Quizzes Today


Score Distribution

Your Account Isn't Verified!

In order to create a playlist on Sporcle, you need to verify the email address you used during registration. Go to your Sporcle Settings to finish the process.

Report this User

Report this user for behavior that violates our Community Guidelines.

Details: